• 首页
  • 本馆介绍
  • 公告通知
  • 最新文献
  • 馆藏检索
  • 电子资源
  • 读者导购
  • 参考咨询
  • 我的图书馆
  • 登录
  • 详细信息显示
  • 放入我的书架
  • 预约/预借图书
  • 作者相关作品
  • 分类相关作品
  • 丛书相关作品
  • 出版社相关作品

书目信息

  • 表格格式
  • 工作单格式
  • 卡片格式
题名:
电路实验指导书
    
 
作者: ;华中工学院电工基础教研室 著
分册:  
出版信息: 北京   高等教育出版社  1983
页数: 144页
开本: 25cm
丛书名:
单 册:
中图分类: TM13-33
科图分类:
主题词: 电路理论
电子资源:
ISBN:
000 00703nam0 2200241 45
001 0183000309
005 20040524161407.4
010    @dCNY0.94
091    @a15010.0468
100    @a19950616d1983 em y0chiy0121 ea
101 0  @achi
102    @aCN@b110000
105    @ay z 000yy
106    @ar
200 10 @a电路实验指导书@Adian lu shi yan zhi dao shu@f华中工学院电工基础教研室著
210    @a北京@c高等教育出版社@d1983
215    @a144页@d25cm
606 0  @a电路理论
690    @aTM13-33
711 02 @a华中工学院电工基础教研室@Ahua zhong gong xue yuan dian gong ji chu jiao yan shi@4著
801  0 @aCN@b上海图书馆@c20040524
801  2 @aCN@bNLC@c20040524
905    @f3@b104880-882@dTM13-33@e84
    
    电路实验指导书/华中工学院电工基础教研室著.-北京:高等教育出版社,1983
    144页;25cm
    
    
    ISBN :CNY0.94
    
●
相关链接 在E读中查询图书 在五车中查询图书 在当当中查询图书 在豆瓣中查询图书


正题名:电路实验指导书     索取号:TM13-33/84         预约/预借

序号 登录号 条形码 馆藏地/架位号 状态 备注
1 0104879   001943302   第三借阅区/ [索取号:TM13-33/84] 在馆    
2 0104880   000702537   密集书库/ [索取号:TM13-33/84] 在馆    
3 0104881   000702546   密集书库/ [索取号:TM13-33/84] 在馆    
4 0104882   000702564   密集书库/ [索取号:TM13-33/84] 在馆    
5 0104883   000702555   第二样本阅览室/ [索取号:TM13-33/84] 在馆    
欢迎您!
大连网信软件有限公司© 版权所有